<?xml version="1.0" encoding="UTF-8"?>
<record
    xmlns:xsi="http://www.w3.org/2001/XMLSchema-instance"
    xsi:schemaLocation="http://www.loc.gov/MARC21/slim http://www.loc.gov/standards/marcxml/schema/MARC21slim.xsd"
    xmlns="http://www.loc.gov/MARC21/slim">

  <leader>01957nam0a2200397   4500</leader>
  <controlfield tag="001">RU\NLR\BIBL_A\011440932</controlfield>
  <controlfield tag="005">20241115071425.0</controlfield>
  <datafield tag="010" ind1=" " ind2=" ">
    <subfield code="a">9785885038089</subfield>
    <subfield code="9">1500</subfield>
  </datafield>
  <datafield tag="021" ind1=" " ind2=" ">
    <subfield code="a">RU</subfield>
    <subfield code="b">2017-47958</subfield>
    <subfield code="9">3442</subfield>
  </datafield>
  <datafield tag="035" ind1=" " ind2=" ">
    <subfield code="a">(RuMoRGB)008925858</subfield>
  </datafield>
  <datafield tag="035" ind1=" " ind2=" ">
    <subfield code="a">(NLR Aleph) 011440932</subfield>
  </datafield>
  <datafield tag="090" ind1=" " ind2=" ">
    <subfield code="a">11701742</subfield>
    <subfield code="c">11701742</subfield>
  </datafield>
  <datafield tag="100" ind1=" " ind2=" ">
    <subfield code="a">20170719d2017       y0rusy50      ca</subfield>
  </datafield>
  <datafield tag="101" ind1="1" ind2=" ">
    <subfield code="a">rus</subfield>
    <subfield code="c">ger</subfield>
  </datafield>
  <datafield tag="102" ind1=" " ind2=" ">
    <subfield code="a">RU</subfield>
  </datafield>
  <datafield tag="105" ind1=" " ind2=" ">
    <subfield code="a">a zzzz00000zy</subfield>
  </datafield>
  <datafield tag="200" ind1="1" ind2=" ">
    <subfield code="a">&#x41F;&#x43E;&#x432;&#x430;&#x440;&#x435;&#x43D;&#x43D;&#x430;&#x44F; &#x43A;&#x43D;&#x438;&#x433;&#x430; &#x43F;&#x44F;&#x442;&#x438; &#x44D;&#x43B;&#x435;&#x43C;&#x435;&#x43D;&#x442;&#x43E;&#x432;</subfield>
    <subfield code="e">&#x43F;&#x440;&#x430;&#x43A;&#x442;&#x438;&#x447;&#x435;&#x441;&#x43A;&#x43E;&#x435; &#x43F;&#x440;&#x438;&#x43C;&#x435;&#x43D;&#x435;&#x43D;&#x438;&#x435; &#x43A;&#x438;&#x442;&#x430;&#x439;&#x441;&#x43A;&#x43E;&#x433;&#x43E; &#x443;&#x447;&#x435;&#x43D;&#x438;&#x44F; &#x43E; &#x43F;&#x438;&#x442;&#x430;&#x43D;&#x438;&#x438; &#x434;&#x43B;&#x44F; &#x437;&#x430;&#x43F;&#x430;&#x434;&#x43D;&#x43E;&#x439; &#x43A;&#x443;&#x445;&#x43D;&#x438;</subfield>
    <subfield code="e">200 &#x440;&#x435;&#x446;&#x435;&#x43F;&#x442;&#x43E;&#x432; &#x434;&#x43B;&#x44F; &#x43E;&#x437;&#x434;&#x43E;&#x440;&#x43E;&#x432;&#x43B;&#x435;&#x43D;&#x438;&#x44F; &#x442;&#x435;&#x43B;&#x430; &#x438; &#x434;&#x443;&#x445;&#x430;</subfield>
    <subfield code="e">[&#x43F;&#x435;&#x440;&#x435;&#x432;&#x43E;&#x434; &#x441; &#x43D;&#x435;&#x43C;&#x435;&#x446;&#x43A;&#x43E;&#x433;&#x43E;]</subfield>
    <subfield code="f">&#x411;&#x430;&#x440;&#x431;&#x430;&#x440;&#x430; &#x422;&#x435;&#x43C;&#x435;&#x43B;&#x438; &#x438; &#x411;&#x435;&#x430;&#x442;&#x440;&#x438;&#x441; &#x422;&#x440;&#x435;&#x431;&#x443;&#x442;</subfield>
  </datafield>
  <datafield tag="210" ind1=" " ind2=" ">
    <subfield code="a">&#x41C;&#x43E;&#x441;&#x43A;&#x432;&#x430;</subfield>
    <subfield code="a">&#x421;&#x430;&#x43D;&#x43A;&#x442;-&#x41F;&#x435;&#x442;&#x435;&#x440;&#x431;&#x443;&#x440;&#x433;</subfield>
    <subfield code="c">&#x414;&#x418;&#x41B;&#x42F;</subfield>
    <subfield code="d">2017</subfield>
  </datafield>
  <datafield tag="215" ind1=" " ind2=" ">
    <subfield code="a">351 &#x441;.</subfield>
    <subfield code="c">&#x438;&#x43B;.</subfield>
    <subfield code="d">20</subfield>
  </datafield>
  <datafield tag="300" ind1=" " ind2=" ">
    <subfield code="a">&#x417;&#x430;&#x433;&#x43B;. &#x438; &#x430;&#x432;&#x442;. &#x43E;&#x440;&#x438;&#x433;.: Das f&#xFC;nf Elemente Kochbuch / Barbara Temelie &amp; Beatrice Trebuth</subfield>
  </datafield>
  <datafield tag="300" ind1=" " ind2=" ">
    <subfield code="a">&#x41D;&#x430; 4-&#x439; &#x441;. &#x43E;&#x431;&#x43B;. &#x430;&#x432;&#x442;.: &#x411;&#x430;&#x440;&#x431;&#x430;&#x440;&#x430; &#x422;&#x435;&#x43C;&#x435;&#x43B;&#x438;, &#x432;&#x440;&#x430;&#x447; &#x442;&#x430;&#x434;&#x438;&#x446;. &#x43A;&#x438;&#x442;. &#x43C;&#x435;&#x434;&#x438;&#x446;&#x438;&#x43D;&#x44B; &#x438; &#x411;&#x435;&#x430;&#x442;&#x440;&#x438;&#x441; &#x422;&#x440;&#x435;&#x431;&#x443;&#x442;, &#x446;&#x435;&#x43B;&#x438;&#x442;&#x435;&#x43B;&#x44C;</subfield>
  </datafield>
  <datafield tag="313" ind1=" " ind2=" ">
    <subfield code="a">&#x41F;&#x440;&#x435;&#x434;. &#x438;&#x437;&#x434;. 2010</subfield>
  </datafield>
  <datafield tag="454" ind1=" " ind2="0">
    <subfield code="1">2001#$aDas f&#xFC;nf Elemente Kochbuch</subfield>
    <subfield code="1">700#1$aTemelie$bB.$gBarbara</subfield>
    <subfield code="1">701#1$aTrebuth$bB.$gBeatrice</subfield>
    <subfield code="t">Das f&#xFC;nf Elemente Kochbuch</subfield>
    <subfield code="a">Temelie, Barbara</subfield>
  </datafield>
  <datafield tag="606" ind1="1" ind2=" ">
    <subfield code="a">&#x414;&#x438;&#x435;&#x442;&#x438;&#x447;&#x435;&#x441;&#x43A;&#x438;&#x435; &#x431;&#x43B;&#x44E;&#x434;&#x430;</subfield>
    <subfield code="x">&#x420;&#x435;&#x446;&#x435;&#x43F;&#x442;&#x443;&#x440;&#x430;</subfield>
    <subfield code="9">2080802</subfield>
    <subfield code="3">RU\NLR\AUTH\661256754</subfield>
  </datafield>
  <datafield tag="606" ind1="1" ind2=" ">
    <subfield code="a">&#x41A;&#x438;&#x442;&#x430;&#x439;&#x441;&#x43A;&#x430;&#x44F; &#x434;&#x438;&#x435;&#x442;&#x430;</subfield>
    <subfield code="9">2430172</subfield>
    <subfield code="3">RU\NLR\AUTH\661446536</subfield>
  </datafield>
  <datafield tag="606" ind1=" " ind2=" ">
    <subfield code="a">&#x41A;&#x438;&#x442;&#x430;&#x439;&#x441;&#x43A;&#x430;&#x44F; &#x43A;&#x443;&#x445;&#x43D;&#x44F;</subfield>
    <subfield code="9">2100835</subfield>
    <subfield code="3">RU\NLR\AUTH\661270587</subfield>
  </datafield>
  <datafield tag="686" ind1=" " ind2=" ">
    <subfield code="a">&#x420;123.03&#x44F;9</subfield>
    <subfield code="2">rubbk</subfield>
  </datafield>
  <datafield tag="686" ind1=" " ind2=" ">
    <subfield code="a">&#x41B;996.5&#x44F;27</subfield>
    <subfield code="2">rubbk</subfield>
  </datafield>
  <datafield tag="686" ind1="1" ind2=" ">
    <subfield code="a">&#x41B;997(3)</subfield>
  </datafield>
  <datafield tag="686" ind1="1" ind2=" ">
    <subfield code="a">&#x420;123.03</subfield>
  </datafield>
  <datafield tag="700" ind1=" " ind2="1">
    <subfield code="a">&#x422;&#x435;&#x43C;&#x435;&#x43B;&#x438;</subfield>
    <subfield code="b">&#x411;.</subfield>
    <subfield code="g">&#x411;&#x430;&#x440;&#x431;&#x430;&#x440;&#x430;</subfield>
  </datafield>
  <datafield tag="701" ind1=" " ind2="1">
    <subfield code="a">&#x422;&#x440;&#x435;&#x431;&#x443;&#x442;</subfield>
    <subfield code="b">&#x411;.</subfield>
    <subfield code="g">&#x411;&#x435;&#x430;&#x442;&#x440;&#x438;&#x441;</subfield>
  </datafield>
  <datafield tag="942" ind1=" " ind2=" ">
    <subfield code="c">BOOK</subfield>
  </datafield>
  <datafield tag="980" ind1=" " ind2=" ">
    <subfield code="a">NBR</subfield>
  </datafield>
</record>
